[Event "4NCL Northern League Crewe"]
[Site ", "]
[Date "2011.03.27"]
[Round "8"]
[White "Clark, Robert"]
[Black "Brijmohun, Louis"]
[Result "1-0"]
[WhiteElo "2035"]
[BlackElo "2018"]
[PlyCount "71"]
[EventDate "2011.??.??"]

1. e4 e5 2. Nf3 Nc6 3. Bb5 a6 4. Ba4 Nf6 5. O-O Be7 6. Re1 b5 7. Bb3 d6 8. c3
O-O 9. h3 Na5 10. Bc2 c5 11. d4 Nd7 12. Nbd2 exd4 13. cxd4 Nc6 14. d5 Nce5 15.
Nxe5 Nxe5 16. a4 b4 17. f4 Ng6 18. Nc4 Bh4 19. Rf1 a5 20. b3 Bf6 21. Bb2 Bxb2
22. Nxb2 f5 23. e5 dxe5 24. fxe5 Nxe5 25. d6 Qf6 26. Re1 Ba6 27. Qd5+ Nf7 28.
d7 Qxb2 29. Qxa8 Qxa1 30. Qxf8+ Kxf8 31. Rxa1 Ke7 32. Bxf5 g6 33. Re1+ Kd8 34.
Re8+ Kc7 35. Rc8+ Kb6 36. Be6 1-0

[Event "4NCL Northern League Crewe"]
[Site ", "]
[Date "2011.03.27"]
[Round "8"]
[White "Mort, Andrew J"]
[Black "Bak, Andrew"]
[Result "1/2-1/2"]
[WhiteElo "1914"]
[BlackElo "1946"]
[PlyCount "43"]
[EventDate "2011.??.??"]

1. c4 e5 2. g3 Nf6 3. Bg2 d5 4. cxd5 Nxd5 5. Nf3 Nc6 6. Nc3 Be6 7. O-O f6 8.
Qb3 Na5 9. Qa4+ c6 10. d4 Nxc3 11. bxc3 e4 12. Nd2 b5 13. Qc2 f5 14. a4 a6 15.
e3 Be7 16. f3 Nc4 17. Re1 Nxd2 18. Bxd2 exf3 19. Bxf3 Qc8 20. axb5 axb5 21.
Rxa8 Qxa8 22. e4 1/2-1/2

[Event "4NCL Northern League Crewe"]
[Site ", "]
[Date "2011.03.27"]
[Round "8"]
[White "Flint, Martina"]
[Black "Robertson, David J"]
[Result "1/2-1/2"]
[WhiteElo "1906"]
[BlackElo "1885"]
[PlyCount "109"]
[EventDate "2011.??.??"]

1. f4 c5 2. g3 Nc6 3. e4 d6 4. Bg2 g6 5. Nf3 Bg7 6. c3 e6 7. O-O Nge7 8. Na3
O-O 9. h3 Rb8 10. Nc2 b5 11. d4 Qb6 12. Be3 cxd4 13. Nfxd4 Qc7 14. Nb4 Na5 15.
Bf2 Bd7 16. Na6 Qc8 17. Nxb8 Qxb8 18. Qd3 Rd8 19. Nf3 Nc4 20. Rab1 Qc7 21. Nd2
Nb6 22. g4 d5 23. e5 g5 24. fxg5 Ng6 25. Bg3 Bxe5 26. Bxe5 Qxe5 27. Rbe1 Qxg5
28. Nf3 Qe7 29. Nd4 Qc5 30. Kh1 Nc4 31. Qf3 Rf8 32. Qf2 Nce5 33. Qg3 Nc4 34. h4
Qd6 35. Qf2 Nce5 36. Qg3 Nc4 37. Qxd6 Nxd6 38. h5 Nh4 39. Nf3 Nxg2 40. Kxg2 f6
41. g5 f5 42. Ne5 Be8 43. Rh1 Ne4 44. g6 f4 45. Kf3 hxg6 46. hxg6 Rf5 47. Ng4
Ng5+ 48. Kf2 Kg7 49. Rh7+ Kxg6 50. Re7 Rf8 51. Rxa7 Ne4+ 52. Kf3 Ng5+ 53. Kf2
Ne4+ 54. Kf3 Ng5+ 55. Kf2 1/2-1/2

[Event "4NCL Northern League Crewe"]
[Site ", "]
[Date "2011.03.27"]
[Round "8"]
[White "Nezis, Anastasios"]
[Black "Hancock, Michael L"]
[Result "1-0"]
[WhiteElo "1914"]
[BlackElo "2098"]
[PlyCount "75"]
[EventDate "2011.??.??"]

1. e4 c5 2. Nf3 a6 3. c4 d6 4. Nc3 e5 5. d3 Bg4 6. Be2 Nf6 7. Ng5 Bxe2 8. Qxe2
h6 9. Nf3 Be7 10. O-O Nc6 11. Be3 O-O 12. Nd5 Nxd5 13. cxd5 Nb8 14. a4 Nd7 15.
a5 f5 16. Bc1 f4 17. Nd2 Nf6 18. f3 b5 19. axb6 Qxb6 20. Nc4 Qa7 21. Bd2 Nd7
22. Ba5 Rfb8 23. Ra3 Rb5 24. Rfa1 Qb7 25. Qc2 Kf7 26. R1a2 Rg8 27. Be1 Nb8 28.
Na5 Qb6 29. Nc4 Qb7 30. Na5 Qb6 31. Kf1 g5 32. Nc6 Kf6 33. Bc3 g4 34. Nxb8 Qxb8
35. fxg4 Rxg4 36. Rxa6 Qg8 37. Bxe5+ Kf7 38. Bxd6 1-0

[Event "4NCL Northern League Crewe"]
[Site ", "]
[Date "2011.03.27"]
[Round "8"]
[White "Bennett, Patrick"]
[Black "Acey, Gerald"]
[Result "0-1"]
[WhiteElo "2060"]
[BlackElo "2090"]
[PlyCount "86"]
[EventDate "2011.??.??"]

1. d4 d5 2. c4 e6 3. Nf3 Nf6 4. g3 Be7 5. Bg2 O-O 6. O-O dxc4 7. Qc2 a6 8. Qxc4
b5 9. Qc2 Bb7 10. Bd2 Be4 11. Qc1 Nbd7 12. Ba5 Nb6 13. Nbd2 Bb7 14. a3 Rc8 15.
b4 Bd5 16. Re1 Ne4 17. Ne5 Nxd2 18. Qxd2 Bxg2 19. Kxg2 f6 20. Nf3 Nc4 21. Qa2
Qd7 22. Red1 Qd5 23. Qc2 Rfd8 24. Rd3 Nxa5 25. bxa5 c5 26. dxc5 Qxc5 27. Rxd8+
Rxd8 28. Qxc5 Bxc5 29. a4 b4 30. Rb1 Be7 31. Ne1 Kf7 32. Nd3 e5 33. Rb2 e4 34.
Nc1 Rc8 35. Nb3 f5 36. Nd4 g6 37. e3 Rc4 38. Ne2 Bf6 39. Rb3 Bc3 40. h3 Rc5 41.
Kf1 Ke6 42. f3 Kd5 43. Rb1 Rxa5 0-1

[Event "4NCL Northern League Crewe"]
[Site ", "]
[Date "2011.03.27"]
[Round "8"]
[White "Yee, John"]
[Black "Frith, Robert J"]
[Result "0-1"]
[WhiteElo "1922"]
[BlackElo "1938"]
[PlyCount "96"]
[EventDate "2011.??.??"]

1. e4 d6 2. d4 Nf6 3. Nc3 Nbd7 4. Nf3 e5 5. Bc4 Be7 6. O-O O-O 7. Re1 c6 8. a4
a5 9. Bb3 h6 10. h3 Nh7 11. Ne2 Ng5 12. Nxg5 Bxg5 13. Ng3 Bxc1 14. Rxc1 exd4
15. Qxd4 Nc5 16. Red1 Nxb3 17. cxb3 Be6 18. Rd3 d5 19. e5 b6 20. Nh5 Kh8 21.
Rg3 Rg8 22. Qf4 Qf8 23. Kh2 c5 24. Rf3 d4 25. g4 Bd5 26. Rg3 Re8 27. g5 Re6 28.
gxh6 g5 29. Qf5 Rxh6 30. Nf6 Be6 31. Qe4 Rgg6 32. Rcg1 Rh4 33. Ng4 Rgh6 34. Qf3
Bxg4 35. Rxg4 Rxh3+ 36. Qxh3 Rxh3+ 37. Kxh3 Qh6+ 38. Kg2 Kg7 39. Kf1 Qh3+ 40.
Ke2 Qxb3 41. Rxg5+ Kf8 42. f4 Qe3+ 43. Kd1 d3 44. R5g2 Qxf4 45. e6 fxe6 46. Rg4
Qf3+ 47. Kc1 Qe2 48. R4g2 d2+ 0-1

[Event "4NCL Northern League Crewe"]
[Site ", "]
[Date "2011.03.27"]
[Round "8"]
[White "Gruca, Miroslav"]
[Black "Blackburn, Joathan Lb"]
[Result "1-0"]
[WhiteElo "2205"]
[BlackElo "2170"]
[PlyCount "111"]
[EventDate "2011.??.??"]

1. e4 e6 2. d4 d5 3. Nc3 Bb4 4. e5 c5 5. Bd2 Nc6 6. Nb5 Bxd2+ 7. Qxd2 Nxd4 8.
Nxd4 cxd4 9. Nf3 Ne7 10. Nxd4 a6 11. O-O-O Bd7 12. f4 Qc7 13. Kb1 Nc6 14. Be2
Rc8 15. c3 Nxd4 16. Qxd4 Qc5 17. g4 Bb5 18. Bf3 Qxd4 19. Rxd4 Ke7 20. h4 a5 21.
Kc2 b6 22. h5 Rc5 23. h6 g6 24. Kd2 a4 25. a3 Bc4 26. Ke3 Rb5 27. Rh2 Rc5 28.
Bd1 b5 29. Bc2 Rcc8 30. Rg2 Rce8 31. f5 Kd7 32. fxg6 hxg6 33. g5 Rh7 34. Rf2
Ke7 35. Rdf4 Rc8 36. Rf6 Rg8 37. Kd4 Ke8 38. R6f3 Ke7 39. Kc5 Rc8+ 40. Kb4 Ra8
41. b3 axb3 42. Bxb3 Ke8 43. Bxc4 bxc4 44. a4 Rc8 45. a5 f5 46. gxf6 Rb7+ 47.
Ka4 Kf7 48. h7 Rb1 49. Ra2 g5 50. Rh3 Rh8 51. Rg3 Rxh7 52. Rxg5 d4 53. cxd4 c3
54. Rg3 Rb2 55. Rxb2 cxb2 56. Rb3 1-0

[Event "4NCL Northern League Crewe"]
[Site ", "]
[Date "2011.03.27"]
[Round "8"]
[White "Patrick, David A"]
[Black "Lee, Geoff"]
[Result "1-0"]
[WhiteElo "1961"]
[BlackElo "1874"]
[PlyCount "45"]
[EventDate "2011.??.??"]

1. e4 c5 2. c3 d5 3. exd5 Qxd5 4. Nf3 Nc6 5. d4 Bg4 6. dxc5 Qxd1+ 7. Kxd1 e5 8.
b4 e4 9. h3 Bxf3+ 10. gxf3 exf3 11. Nd2 O-O-O 12. Kc2 Ne5 13. Nc4 f6 14. Bf4
Nf7 15. h4 g6 16. Bh3+ f5 17. Rad1 Rxd1 18. Rxd1 Nf6 19. Rd3 Ne4 20. Rxf3 Bg7
21. Bg3 Rd8 22. Re3 Bh6 23. Rxe4 1-0